| 000 | 00757nam a22002057a 4500 | ||
|---|---|---|---|
| 005 | 20260318150141.0 | ||
| 010 | _aENG-147932 | ||
| 020 |
_a9789384753214 _c250.00 |
||
| 035 | _aEN-131464 | ||
| 082 |
_a230.2 _b1 |
||
| 100 |
_aSri Charan Mangal _988587 |
||
| 245 |
_aThe Philosophy of the Bhagavad Gita / _cSri Mangal Charan _hEnglish |
||
| 260 |
_aBIhar _c2015 |
||
| 270 |
_aYoga Publication Trust, Ganga Darshan _bGreater Noida |
||
| 300 |
_a244p.: _bcol.ill. _c22cm.(pbk) |
||
| 700 |
_aSri Charan Mangal _988567 |
||
| 942 |
_2ddc _cCH _hN _mNIR _k230.2 |
||
| 999 |
_c215619 _d215619 |
||